| 000 | 00865nam a2200325Ia 4500 | ||
|---|---|---|---|
| 003 | OSt | ||
| 005 | 20220912145037.0 | ||
| 006 | a|||||r|||| 00| 0 | ||
| 007 | ta | ||
| 008 | 220909b |||||||| |||| 00| 0 eng d | ||
| 020 | _a9783642035449 (hbd) | ||
| 024 | _a127192 | ||
| 037 | _cTextual | ||
| 040 |
_aCSL _beng _cCSL |
||
| 041 | _aeng | ||
| 082 | _aB2, Q1 | ||
| 100 | _aKemper Gregor | ||
| 245 | 0 | _aCourse in commutative algebra | |
| 260 |
_aBerlin _bSpringer _c2011 |
||
| 300 |
_axi, 246p. _ccm. |
||
| 490 | _aGraduate texts in mathematics, 256 | ||
| 500 | _aReferences 235-238p.; Index 239-246p. | ||
| 650 | _a Algebraic geometry | ||
| 650 | _a Commutative algebra | ||
| 650 | _a Geometry | ||
| 650 | _a Number systems | ||
| 650 | _aMathematics | ||
| 942 |
_hB2, Q1 _cTEXL _2CC |
||
| 999 |
_c21649 _d21649 |
||